| 000 | 00587nam a22002057a 4500 | ||
|---|---|---|---|
| 003 | OSt | ||
| 005 | 20140310182442.0 | ||
| 008 | 130803t xxu||||| |||| 00| 0 eng d | ||
| 050 |
_aRB 53 _b.G73 2011 |
||
| 100 |
_aMundt, Lillian A. _98082 |
||
| 245 |
_aGraff 's Textbook Urinalysis and Body Fluids / _cMundt, Lillian A. |
||
| 250 | _b2nd ed. | ||
| 260 |
_aUSA : _bLippincot Williams & Wilkins _cc2010. |
||
| 300 |
_a324 p. : _bill. ; _c28 cm. |
||
| 650 |
_aUrine-Anlysis and body fluis _97417 |
||
| 942 |
_2lcc _cSSLC |
||
| 999 |
_c13542 _d13542 |
||